000 00746nam a22001937a 4500
005 20240115111023.0
010 _aB-756993-999 ENG
020 _c550.00
_a9789389211948
035 _aB-756993-999
037 _bAakar Books
082 _a000
100 _aThareja, Reema
_960932
245 _aComputer Aptitude for Competitive Examinations/
_cReema Thareja
260 _aNoida
_bUniversities Press
_c2023
270 _bNoida
_aB.B. Press Noida
_e201301
300 _a191p.
_c24cm(pbk)
942 _2ddc
_cEN
_h000
_mTHA
999 _c199960
_d199960